[Event "Istanbul op-A 11th"]
[White "Modeer, Chya"]
[Black "Sahin, Ozgun"]
[Site "Istanbul"]
[Round "7"]
[Result "1-0"]
[Date "2012.09.06"]
[WhiteElo "2048"]
[BlackElo "1808"]
[PlyCount "67"]
[EventDate "2012.08.30"]
[EventType "swiss"]
[EventRounds "9"]
[EventCountry "TUR"]
[SourceTitle "CBM 150 Extra"]
[Source "ChessBase"]
[SourceDate "2012.10.19"]
[SourceVersion "1"]
[SourceVersionDate "2012.10.19"]
[SourceQuality "1"]

1. e4 c5 2. Nf3 e6 3. d4 cxd4 4. Nxd4 a6 5. Be2 Qc7 6. 0-0 Nf6 7. Bf3 Nc6 8. Nxc6 bxc6 9. c4 Bb7 10. Nc3 Bd6 11. g3 Be5 12. Qd3 Rd8 13. c5 0-0 14. Qc4 d5 15. cxd6 Rxd6 16. Be3 Rfd8 17. Na4 Bd4 18. e5 Bxe5 19. Bb6 Qd7 20. Bxd8 Qxd8 21. Rfd1 Nd5 22. Nc5 Qb6 23. Re1 f6 24. Rac1 Bc8 25. b3 a5 26. Ne4 Rd8 27. Qxc6 Qb8 28. Nc5 Nb4 29. Qa4 Kf7 30. Red1 Rxd1+ 31. Rxd1 Qb6 32. Nd7 Bxd7 33. Qxd7+ Kg6 34. Qe8+ 1-0